কেনেডী / (Record no. 44216)
[ view plain ]
| 000 -LEADER | |
|---|---|
| fixed length control field | 01001nam a2200265 4500 |
| 001 - CONTROL NUMBER | |
| control field | 44216 |
| 003 - CONTROL NUMBER IDENTIFIER | |
| rucl marc code | BD-RjUL |
| 005 - DATE AND TIME OF LATEST TRANSACTION | |
| control field | 20211209053822.0 |
| 008 - FIXED-LENGTH DATA ELEMENTS--GENERAL INFORMATION | |
| fixed length control field | 160714s1965 bg ||||| |||| 00| 0 ben d |
| 020 ## - INTERNATIONAL STANDARD BOOK NUMBER | |
| Terms of availability | : TK 1.00 |
| 035 ## - SYSTEM CONTROL NUMBER | |
| System control number | (BD-RjUL)44334 |
| 040 ## - CATALOGING SOURCE | |
| Original cataloging agency | BD-RjUL |
| Language of cataloging | ben |
| Transcribing agency | BD-RjUL |
| 041 ## - LANGUAGE CODE | |
| Language code of text/sound track or separate title | ben |
| 082 ## - DEWEY DECIMAL CLASSIFICATION NUMBER | |
| Edition number | 23 |
| Classification number | 923.173 |
| Author mark and year | SOK 1965 |
| 100 ## - MAIN ENTRY--PERSONAL NAME | |
| Personal name | সোরেনসেন, থিওডোর. সি. |
| 9 (RLIN) | 135767 |
| 245 10 - TITLE STATEMENT | |
| Title | কেনেডী / |
| Statement of responsibility, etc. | থিওডোর. সি. সোরেনসেন |
| 260 ## - PUBLICATION, DISTRIBUTION, ETC. (IMPRINT) | |
| Place of publication, distribution, etc. | চট্রগ্রাম : |
| Name of publisher, distributor, etc. | পিপলস পব্লিকেশন্স, |
| Date of publication, distribution, etc. | ১৯৬৫ |
| 300 ## - PHYSICAL DESCRIPTION | |
| Pagination | [১৮], ৩০০ পৃ. ; |
| Size | ১৮ সেমি. |
| 600 ## - SUBJECT ADDED ENTRY--PERSONAL NAME | |
| Personal name | কেনেডী |
| Titles and other words associated with a name | Kennedy |
| 650 ## - SUBJECT ADDED ENTRY--TOPICAL TERM | |
| Topical term or geographic name as entry element | জীবনী |
| Geographic subdivision | যুক্তরাষ্ট্র |
| 9 (RLIN) | 135770 |
| Topical term or geographic name as entry element | Biography |
| Geographic subdivision | United States |
| 9 (RLIN) | 135771 |
| 700 ## - ADDED ENTRY--PERSONAL NAME | |
| Personal name | আখতার-উল-আলম, অনুবাদ |
| 942 ## - ADDED ENTRY ELEMENTS (KOHA) | |
| Source of classification or shelving scheme | Dewey Decimal Classification |
| Koha item type | Books |
| Lost status | Source of classification or shelving scheme | Damaged status | Not for loan | Collection code | Permanent Location | Current Location | Shelving location | Date acquired | Source of acquisition | Total Checkouts | Full call number | Date last seen | Copy number | Koha item type |
|---|---|---|---|---|---|---|---|---|---|---|---|---|---|---|
| Dewey Decimal Classification | Non-fiction | Central Library, University of Rajshahi | Central Library, University of Rajshahi | 20/04/1967 | U.S.A.S. | B 923.173 SOK 1965 | 14/07/2016 | C-2 | Books |